| 000 | 00717nam a22001937a 4500 | ||
|---|---|---|---|
| 003 | BD-DhUL | ||
| 005 | 20160829105559.0 | ||
| 008 | 160829b1973 i ||||| |||| 00| 0 b d | ||
| 040 |
_cBD-DhUL _dBD-DhUL _dBD-DhUL |
||
| 082 |
_a915.42 _bSUH |
||
| 100 | 1 | _aবসু,সুকুমার | |
| 245 |
_aহিমালয় / _cসুকুমার বসু |
||
| 260 |
_aকলিকাতা: _bলেখক সমবায় সমিতি, _c১৯৬৭. |
||
| 300 |
_a ২১০ পৃ.; _c২২ সেমি |
||
| 504 | _aগ্রন্থপঞ্জিগত তথ্য ও র্নিঘণ্ট সংবলিত | ||
| 650 | 0 | _vহিমালয় | |
| 651 | _vHimalaya | ||
| 942 |
_2ddc _cBK |
||
| 999 |
_c102162 _d102162 |
||